000 00431nam a2200181Ia 4500
001 11062
005 20260306161918.0
008 260306t1996||||xx |||||||||||||| ||spa||
041 _aESP
082 _a985.0019
_bF62
100 _aFlores Galindo, Alberto [1949-1990]
_eAUT
245 0 _aObras completas
260 _c1996
300 _a497 páginas :
_c20 cm.
650 _aGEN
654 _aCHU
942 _cLIB
_dJUS
_fJUS
_2ddc
_n
999 _c11062
_d11062